[Event "Xtracon Chess Open 2018"]
[Site "Elsinore"]
[Date "2018.07.23"]
[Round "4"]
[White "Grigorov, Grigor"]
[Black "Storme, Isak"]
[Result "1-0"]
[WhiteElo "2506"]
[BlackElo "2277"]
[EventDate "2018.07.21"]
[WhiteFideId "2907313"]
[BlackFideId "1728113"]

1.d4 Nf6 2.c4 e6 3.Nf3 d5 4.g3 Be7 5.Bg2 O-O 6.O-O dxc4 7.Qa4 Qd5 8.Nc3 
Qc6 9.Qc2 Qa6 10.Bg5 Nc6 11.e3 Nb4 12.Qe2 c5 13.dxc5 Bxc5 14.Bxf6 gxf6 15.
Nd2 e5 16.a3 Nd3 17.Nd5 Rb8 18.Ne4 f5 19.Nef6+ Kg7 20.Qh5 h6 21.Qh4 Nxb2 
22.g4 fxg4 23.Be4 Na4 24.Kh1 Qe6 25.Rg1 Nb6 26.Rxg4+ 1-0

[Event "Xtracon Chess Open 2018"]
[Site "Elsinore"]
[Date "2018.07.23"]
[Round "4"]
[White "Koellner, Ruben Gideon"]
[Black "Hector, Jonny"]
[Result "1/2-1/2"]
[WhiteElo "2254"]
[BlackElo "2499"]
[EventDate "2018.07.21"]
[WhiteFideId "12993093"]
[BlackFideId "1700090"]

1.d4 d5 2.c4 c6 3.cxd5 cxd5 4.Nc3 Nf6 5.f3 Qb6 6.e4 dxe4 7.fxe4 e5 8.Bb5+ 
Nc6 9.d5 Bb4 10.Qe2 a6 11.Ba4 Qa5 12.Bd2 O-O 13.Bxc6 bxc6 14.dxc6 Be6 15.
Nf3 Qc5 16.a3 Bxc3 17.Bxc3 Bc4 18.Bb4 Qb5 19.Qc2 Rfe8 20.Rc1 Bd3 21.Qc5 
Nxe4 22.Qxb5 Bxb5 23.c7 Rac8 24.Nd2 Nf6 25.Ba5 Re6 26.Nc4 Nd5 27.Kf2 Rf6+ 
28.Kg3 Rg6+ 29.Kf2 Rf6+ 30.Kg3 Rg6+ 31.Kf2 Rf6+ 1/2-1/2

[Event "Xtracon Chess Open 2018"]
[Site "Elsinore"]
[Date "2018.07.23"]
[Round "4"]
[White "Thybo, Jesper Sondergaard"]
[Black "Song, Edward"]
[Result "1-0"]
[WhiteElo "2497"]
[BlackElo "2275"]
[EventDate "2018.07.21"]
[WhiteFideId "1438832"]
[BlackFideId "2051192"]

1.e4 e6 2.d3 d5 3.Qe2 Nf6 4.Nf3 c5 5.g3 g6 6.Bg2 Bg7 7.O-O O-O 8.c3 b6 9.
e5 Nfd7 10.Bf4 Nc6 11.Re1 Re8 12.h4 h6 13.Nbd2 Bb7 14.Nf1 f6 15.exf6 Qxf6 
16.Ne3 e5 17.Nxd5 Qd6 18.Nd2 Na5 19.c4 exf4 20.Qxe8+ Rxe8 21.Rxe8+ Kf7 22.
Rae1 Ne5 23.Ne4 Qxd5 24.cxd5 Kxe8 25.Nxc5 Kf7 26.gxf4 Nf3+ 27.Bxf3 bxc5 
28.b3 Bf8 29.h5 gxh5 30.Bxh5+ Kg7 31.Re5 Ba6 32.d6 Nb7 33.d7 Kf6 34.Bf3 
Nd8 35.Be4 Bb5 36.Rf5+ Kg7 37.b4 Be7 38.bxc5 Bxd7 39.Re5 Kf6 40.Rh5 Kg7 
41.d4 Ne6 42.c6 Bc8 43.Ra5 Bd6 44.Bf5 1-0

[Event "Xtracon Chess Open 2018"]
[Site "Elsinore"]
[Date "2018.07.23"]
[Round "4"]
[White "Aagaard, Jacob"]
[Black "Laubsch, Bernd"]
[Result "1/2-1/2"]
[WhiteElo "2482"]
[BlackElo "2269"]
[EventDate "2018.07.21"]
[WhiteFideId "1401815"]
[BlackFideId "4663314"]

1.e4 c5 2.Nf3 d6 3.d4 cxd4 4.Nxd4 Nf6 5.Nc3 a6 6.f3 e5 7.Nb3 Be6 8.Be3 Be7
9.Qd2 O-O 10.O-O-O a5 11.a4 Na6 12.g4 Nb4 13.g5 Nh5 14.Rg1 Rc8 15.Kb1 Rc6 
16.f4 Nxf4 17.Bxf4 exf4 18.Qxf4 Bxb3 19.cxb3 Rc5 20.h4 f5 21.Bc4+ Kh8 22.
Rge1 Re5 23.exf5 Rfxf5 24.Qd4 Qe8 25.Rxe5 Rxe5 26.Bd3 Bf8 27.Ka1 Qe6 28.
Qf2 Be7 29.Bc4 Qf5 30.Qxf5 Rxf5 31.Nd5 Nxd5 32.Bxd5 b6 33.Rc1 g6 34.Rc8+ 
Bf8 35.Be6 Rf4 36.Ka2 h6 37.gxh6 1/2-1/2

[Event "Xtracon Chess Open 2018"]
[Site "Elsinore"]
[Date "2018.07.23"]
[Round "4"]
[White "Schmidt, Kristen"]
[Black "Notkevich, Benjamin Arvola"]
[Result "1/2-1/2"]
[WhiteElo "2247"]
[BlackElo "2471"]
[EventDate "2018.07.21"]
[WhiteFideId "1400436"]
[BlackFideId "1506536"]

1.e4 c5 2.Nf3 d6 3.Bb5+ Nd7 4.O-O a6 5.Bd3 Ngf6 6.Re1 b5 7.c3 g6 8.Bc2 Bg7
9.d4 Bb7 10.e5 dxe5 11.dxe5 Ng4 12.e6 Nde5 13.Nxe5 Nxe5 14.exf7+ Nxf7 15.
Qe2 O-O 16.Nd2 Ne5 17.Ne4 c4 18.Bg5 Nd3 19.Rad1 Qb6 20.Bxd3 cxd3 21.Qe3 
Qxe3 22.Rxe3 Bd5 23.Rdxd3 e6 24.a3 a5 25.f3 b4 26.axb4 axb4 27.Be7 Ra1+ 
28.Kf2 bxc3 29.Nxc3 Rb8 30.Nxd5 Rxb2+ 31.Re2 Rxe2+ 32.Kxe2 Ra2+ 33.Kf1 
exd5 34.Rxd5 Kf7 35.Bc5 Bf8 36.Bxf8 Kxf8 37.Rd7 Kg8 38.Kg1 h5 39.h3 Kf8 
40.Kh2 Kg8 41.Kg3 Rb2 42.f4 Ra2 43.Kf3 Ra3+ 44.Ke4 Rg3 45.Rd2 Kf7 46.Rf2 
Ra3 47.Rf3 Ra4+ 48.Ke3 Ra3+ 49.Kf2 Ra2+ 50.Kg3 h4+ 51.Kxh4 Rxg2 52.Rg3 Ra2
53.Kg5 Ra5+ 54.Kg4 Ra1 55.h4 Kf6 56.Rg2 1/2-1/2

[Event "Xtracon Chess Open 2018"]
[Site "Elsinore"]
[Date "2018.07.23"]
[Round "4"]
[White "Hinrichs, Lars"]
[Black "Nakar, Eylon"]
[Result "1/2-1/2"]
[WhiteElo "2185"]
[BlackElo "2462"]
[EventDate "2018.07.21"]
[WhiteFideId "12921769"]
[BlackFideId "2811111"]

1.e4 c5 2.Ne2 e6 3.Nbc3 Nc6 4.g3 a6 5.Bg2 b5 6.O-O Bb7 7.Re1 Nge7 8.d3 Ng6
9.h4 Nge5 10.Nf4 g6 11.Nfd5 Bg7 12.f4 exd5 13.Nxd5 O-O 14.Rf1 d6 15.fxe5 
Nxe5 16.Bg5 f6 17.Bf4 Bxd5 18.exd5 f5 19.c3 Qb6 20.Kh1 c4 21.d4 Nd3 22.Qd2
Rfe8 23.Rf3 Nxf4 24.Qxf4 Re4 25.Qg5 Rae8 26.Rf4 Re2 27.g4 fxg4 28.Raf1 Qd8
29.Qxg4 Rxb2 30.Be4 Rf8 31.Rxf8+ Bxf8 1/2-1/2

[Event "Xtracon Chess Open 2018"]
[Site "Elsinore"]
[Date "2018.07.23"]
[Round "4"]
[White "Ingebretsen, Jens E"]
[Black "Johansson, Linus"]
[Result "1/2-1/2"]
[WhiteElo "2138"]
[BlackElo "2454"]
[EventDate "2018.07.21"]
[WhiteFideId "1522965"]
[BlackFideId "1711113"]

1.e4 e6 2.d4 d5 3.Nd2 Nf6 4.e5 Nfd7 5.Bd3 c5 6.c3 Nc6 7.Ne2 cxd4 8.cxd4 f6
9.exf6 Nxf6 10.O-O Bd6 11.Nf3 Qc7 12.Bg5 O-O 13.Bh4 Nh5 14.Qc2 h6 15.Bh7+ 
Kh8 16.Bg6 Rxf3 17.Bxh5 Rf5 18.Bg4 Bxh2+ 19.Kh1 Bd6 20.Bxf5 exf5 21.f4 Qf7
22.Rf3 Bd7 23.Qd2 Re8 24.Nc3 Bb4 25.Bf2 Re4 26.Kg1 Ne7 27.Re1 Bc6 28.a3 
Bxc3 29.Rxc3 Kh7 30.b4 a6 31.Bh4 Ng6 32.Bg3 Nf8 33.Bf2 Nd7 34.Rxe4 dxe4 
35.d5 Bxd5 36.Rc7 Qe6 37.Bd4 Qd6 38.Qc3 Bc6 39.Rc8 Qg6 40.g3 Qg4 41.Qb3 
Bd5 42.Qxd5 Qd1+ 43.Kg2 Qf3+ 44.Kg1 Qd1+ 45.Kg2 Qf3+ 46.Kg1 Qd1+ 1/2-1/2

[Event "Xtracon Chess Open 2018"]
[Site "Elsinore"]
[Date "2018.07.23"]
[Round "4"]
[White "Bjerre, Jonas Buhl"]
[Black "Skousen, Nikolai"]
[Result "1-0"]
[WhiteElo "2436"]
[BlackElo "2203"]
[EventDate "2018.07.21"]
[WhiteFideId "1444948"]
[BlackFideId "1401432"]

1.e4 g6 2.d4 Bg7 3.Nc3 d6 4.Be3 a6 5.Qd2 Nd7 6.h4 h5 7.Nh3 b5 8.Ng5 Bb7 9.
a4 b4 10.Bc4 e6 11.Ne2 Ngf6 12.Bxe6 fxe6 13.Nxe6 Qc8 14.N2f4 Nf8 15.Nxg7+ 
Kf7 16.d5 Kxg7 17.Qxb4 N8d7 18.O-O-O Re8 19.Ne6+ Kg8 20.Bg5 Re7 21.g4 hxg4
22.h5 gxh5 23.Rxh5 Nxh5 24.Bxe7 Ng7 25.f4 Nxe6 26.dxe6 Nc5 27.f5 Bxe4 28.
Rg1 Bxf5 29.Rxg4+ Bxg4 30.Qxg4+ Kh7 31.Qf5+ Kg7 32.Bf6+ Kf8 33.Bd4+ Ke7 
34.Qf7+ Kd8 35.Bf6# 1-0

[Event "Xtracon Chess Open 2018"]
[Site "Elsinore"]
[Date "2018.07.23"]
[Round "4"]
[White "Petersen, Peter Birk"]
[Black "Timman, Jan H"]
[Result "1-0"]
[WhiteElo "2128"]
[BlackElo "2555"]
[EventDate "2018.07.21"]
[WhiteFideId "1401696"]
[BlackFideId "1000012"]

1.e4 e6 2.d4 d5 3.Nd2 Nf6 4.e5 Nfd7 5.Bd3 c5 6.c3 Nc6 7.Ne2 cxd4 8.cxd4 f6
9.exf6 Nxf6 10.Nf3 Bd6 11.O-O Qc7 12.Ng3 O-O 13.Bg5 h6 14.Bd2 Bd7 15.Rc1 
Qb6 16.Bc3 Bf4 17.Rc2 Rad8 18.Re2 Qc7 19.Rfe1 a6 20.Bb1 b5 21.a3 Rf7 22.
Qd3 Bxg3 23.hxg3 Ne4 24.Rxe4 dxe4 25.Qxe4 Bc8 26.Nh4 g5 27.Nf3 Rf6 28.Ba2 
Ne7 29.d5 Rff8 30.dxe6 Bb7 31.Qg4 Bxf3 32.gxf3 Rd3 33.f4 Rxc3 34.bxc3 Qxc3
35.Rd1 Qf6 36.Kg2 Kh8 37.Rd7 a5 38.Rb7 Ng6 39.Qh5 Ne7 40.Rxe7 Qxe7 41.
Qxh6+ Kg8 42.Qxg5+ Qxg5 43.e7+ 1-0

[Event "Xtracon Chess Open 2018"]
[Site "Elsinore"]
[Date "2018.07.23"]
[Round "4"]
[White "Molvig, Henrik"]
[Black "Lindgren, Philip"]
[Result "0-1"]
[WhiteElo "2121"]
[BlackElo "2394"]
[EventDate "2018.07.21"]
[WhiteFideId "1402625"]
[BlackFideId "1713230"]

1.d4 d5 2.c4 c6 3.Nf3 Nf6 4.Nc3 e6 5.Bg5 h6 6.Bh4 dxc4 7.e4 g5 8.Bg3 b5 9.
Be2 Bb7 10.Qc2 Nbd7 11.Rd1 Nh5 12.d5 Nxg3 13.dxe6 Nxh1 14.exd7+ Ke7 15.Qd2
Qc7 16.Qd4 Rg8 17.Ne5 Nxf2 18.Qc5+ Ke6 19.Qxf2 Qxe5 20.d8=Q Rxd8 21.Rxd8 
Ke7 22.Rd1 Bg7 23.Qxa7 Rb8 24.Bg4 Kf8 25.Rd7 Qxh2 26.Rxb7 Bxc3+ 27.bxc3 
Qg3+ 28.Kf1 Rxb7 29.Qxb7 Qxg4 30.Qxc6 Qe6 31.Qxb5 Qxe4 32.Qb4+ Kg7 33.a4 
Qd3+ 34.Ke1 g4 35.Qa5 Qe3+ 36.Kf1 g3 37.Qf5 Qc1+ 38.Ke2 Qb2+ 39.Kf1 Qa1+ 
40.Ke2 Qb2+ 41.Kf1 Qxc3 42.a5 Qd4 43.Qf3 Qa1+ 44.Ke2 Qxa5 45.Qxg3+ Kh7 46.
Qf3 Qe5+ 47.Kd2 Kg6 48.Qc6+ Kg5 49.Qxc4 Qf4+ 50.Qxf4+ Kxf4 51.Ke2 Kg3 52.
Kf1 h5 53.Kg1 h4 54.Kf1 h3 55.Kg1 f6 56.gxh3 Kxh3 57.Kf2 Kg4 58.Kg2 f5 59.
Kf2 Kf4 0-1

[Event "Xtracon Chess Open 2018"]
[Site "Elsinore"]
[Date "2018.07.23"]
[Round "4"]
[White "Mai, Aron Thor"]
[Black "Haubro, Martin"]
[Result "0-1"]
[WhiteElo "2119"]
[BlackElo "2373"]
[EventDate "2018.07.21"]
[WhiteFideId "2313383"]
[BlackFideId "1414291"]

1.e4 e5 2.Nf3 Nc6 3.d4 exd4 4.Nxd4 Nf6 5.Nxc6 bxc6 6.e5 Qe7 7.Qe2 Nd5 8.c4
Nb6 9.Nc3 Qe6 10.Bd2 Be7 11.O-O-O O-O 12.f4 d5 13.exd6 cxd6 14.g3 Rb8 15.
Qf2 Bf6 16.b3 a5 17.Bd3 a4 18.Kc2 axb3+ 19.axb3 Ba6 20.Rhe1 Qc8 21.Ne4 Be7
22.Nc5 Bf6 23.Ne4 d5 24.Nxf6+ gxf6 25.Qf3 dxc4 26.Be4 cxb3+ 27.Kb1 Qh3 28.
Bc3 Nc4 29.Bxf6 Na3+ 30.Kb2 Qxh2+ 31.Qg2 Qh6 32.Bxh7+ Qxh7 33.Rh1 Nc4+ 34.
Kc3 Rfe8 35.Rxh7 Re3+ 36.Rd3 Rxd3+ 37.Kxd3 Kxh7 38.Qe4+ Kh6 39.Bg5+ Kg7 
40.Qh1 b2 41.Bf6+ Kxf6 42.Qh6+ Ke7 43.Qg5+ Kd7 44.Qf5+ Ke8 45.Qe4+ Kf8 46.
Kd4 0-1

[Event "Xtracon Chess Open 2018"]
[Site "Elsinore"]
[Date "2018.07.23"]
[Round "4"]
[White "Pantzar, Milton"]
[Black "Schwerteck, Michael"]
[Result "1-0"]
[WhiteElo "2333"]
[BlackElo "2115"]
[EventDate "2018.07.21"]
[WhiteFideId "1721003"]
[BlackFideId "4687078"]

1.d4 d5 2.Bf4 Nf6 3.Nc3 e6 4.e3 Bd6 5.Bg3 b6 6.Bd3 Ba6 7.e4 Bxd3 8.Qxd3 
Bxg3 9.hxg3 dxe4 10.Nxe4 Nxe4 11.Qxe4 Qd5 12.Qxd5 exd5 13.Rh5 c6 14.O-O-O 
f6 15.Nf3 Nd7 16.g4 O-O 17.Rdh1 h6 18.Kd2 Rae8 19.Re1 Rxe1 20.Nxe1 Re8 21.
f3 Kf7 22.Nd3 Nf8 23.Rh1 Ne6 24.c3 Re7 25.b3 Re8 26.a4 Ke7 27.a5 b5 28.Re1
Kd6 29.Re3 Nc7 30.Rxe8 Nxe8 31.Ke3 Nc7 32.Kf4 g6 33.Ke3 Ne6 34.b4 Ng5 35.
Nf4 f5 36.gxf5 gxf5 37.Nd3 Ne6 38.g3 Ke7 39.Ne5 Nd8 40.Kf4 Kf6 41.g4 Ne6+ 
42.Kg3 Nd8 43.Kh4 fxg4 44.fxg4 Kg7 45.Kh5 Kh7 46.g5 hxg5 47.Kxg5 Kg7 48.
Kf5 Kf8 49.Kf6 Ke8 50.a6 Kf8 51.Nd7+ Ke8 52.Nc5 1-0

[Event "Xtracon Chess Open 2018"]
[Site "Elsinore"]
[Date "2018.07.23"]
[Round "4"]
[White "Dauth, Benjamin"]
[Black "Petersen, Steen"]
[Result "0-1"]
[WhiteElo "2325"]
[BlackElo "2111"]
[EventDate "2018.07.21"]
[WhiteFideId "4688104"]
[BlackFideId "1402706"]

1.e4 e5 2.Nf3 Nc6 3.Bc4 Nf6 4.d3 Be7 5.O-O d6 6.c3 O-O 7.h3 Na5 8.Bb5 c5 
9.Ba4 h6 10.Nbd2 Qc7 11.Re1 Rb8 12.Nf1 b5 13.Bc2 Nc6 14.Ng3 d5 15.exd5 
Nxd5 16.Qe2 Nf4 17.Qe3 f5 18.Bb3+ Kh7 19.Nxe5 Nxe5 20.Qxf4 Bd6 21.Qh4 Ng6 
22.Qh5 Bxg3 23.fxg3 Qxg3 24.Re3 Qd6 25.Re2 Bd7 26.Be3 Rbe8 27.Rae1 Bc6 28.
Bd2 Qg3 29.Rf1 f4 30.Be1 Rxe2 31.Qxe2 Re8 32.Qf2 Re3 33.Bd2 Nh4 34.Qxg3 
Rxg3 35.Rxf4 0-1

[Event "Xtracon Chess Open 2018"]
[Site "Elsinore"]
[Date "2018.07.23"]
[Round "4"]
[White "Johansen, Oivind"]
[Black "Berg, Klaus"]
[Result "1/2-1/2"]
[WhiteElo "2105"]
[BlackElo "2322"]
[EventDate "2018.07.21"]
[WhiteFideId "1501119"]
[BlackFideId "1400053"]

1.d4 Nf6 2.c4 e6 3.Nc3 Bb4 4.Qc2 O-O 5.a3 Bxc3+ 6.Qxc3 d5 7.Bg5 dxc4 8.
Qxc4 b6 9.Nf3 Ba6 10.Qa4 c5 11.dxc5 bxc5 12.g3 Qb6 13.b4 Nbd7 14.Bg2 Rac8 
15.Nd2 cxb4 16.axb4 Qb5 17.Qxb5 Bxb5 18.O-O Rc7 19.Rfe1 Rb8 20.Nf3 e5 21.
Bc1 a6 22.Bb2 Rc2 1/2-1/2

[Event "Xtracon Chess Open 2018"]
[Site "Elsinore"]
[Date "2018.07.23"]
[Round "4"]
[White "Koellner, Christof"]
[Black "Jacobsen, Mikkel Manosri"]
[Result "0-1"]
[WhiteElo "2105"]
[BlackElo "2320"]
[EventDate "2018.07.21"]
[WhiteFideId "4635787"]
[BlackFideId "1444514"]

1.d4 Nf6 2.Bg5 c5 3.Bxf6 gxf6 4.d5 Qb6 5.Qc1 f5 6.c4 Bh6 7.e3 f4 8.exf4 
Bxf4 9.Qc3 Qb4 10.a3 Qxc3+ 11.Nxc3 d6 12.g3 Be5 13.Bd3 Bg7 14.Nf3 Bg4 15.
Nh4 Nd7 16.f4 Bh3 17.Ne4 Nf6 18.O-O-O Nxe4 19.Bxe4 b5 20.Bf5 Bxf5 21.Nxf5 
Bf8 22.Rhe1 Kd7 23.cxb5 Rb8 24.a4 e6 25.Ne3 a6 26.bxa6 Bg7 27.dxe6+ fxe6 
28.Nc4 Rb4 29.Ne5+ Bxe5 30.fxe5 d5 31.Rf1 d4 32.Rd3 Kc6 33.Rf7 Kd5 34.a5 
Kxe5 35.a7 c4 36.Rdf3 Ra8 37.Rxh7 Ra4 38.g4 Ke4 39.Rf6 e5 40.a6 Kd3 41.
Rh3+ Ke2 42.b3 d3 43.Rd6 Rxa6 44.Rd5 e4 45.Rg3 c3 46.Kb1 R8xa7 47.Rg2+ Kf1
0-1

[Event "Xtracon Chess Open 2018"]
[Site "Elsinore"]
[Date "2018.07.23"]
[Round "4"]
[White "Jensen, Tobias Ilsoe"]
[Black "Rydstrom, Tom"]
[Result "0-1"]
[WhiteElo "2102"]
[BlackElo "2307"]
[EventDate "2018.07.21"]
[WhiteFideId "1437127"]
[BlackFideId "1714830"]

1.d4 g6 2.c4 Bg7 3.Nc3 c5 4.d5 Bxc3+ 5.bxc3 Qa5 6.Qc2 f5 7.Bg5 Nf6 8.Bxf6 
exf6 9.f4 d6 10.e3 Nd7 11.Nf3 Nb6 12.Bd3 Bd7 13.Kf2 O-O-O 14.a4 Rhe8 15.
Nd2 Re7 16.Rhb1 Rde8 17.Rb5 Bxb5 18.cxb5 Nxd5 19.Nc4 Nxe3 20.Nxd6+ Kd7 21.
Qd2 Kxd6 22.Be4+ Kc7 23.Qxe3 Rxe4 24.Qxc5+ Kb8 0-1

[Event "Xtracon Chess Open 2018"]
[Site "Elsinore"]
[Date "2018.07.23"]
[Round "4"]
[White "Tryggestad, Andreas Garberg"]
[Black "Mejvik, Jacob"]
[Result "1-0"]
[WhiteElo "2302"]
[BlackElo "2099"]
[EventDate "2018.07.21"]
[WhiteFideId "1513338"]
[BlackFideId "1710621"]

1.Nf3 d5 2.g3 Nf6 3.Bg2 e6 4.O-O Bd6 5.c4 Nc6 6.b3 O-O 7.Bb2 e5 8.cxd5 
Nxd5 9.d3 Be6 10.Nbd2 f6 11.d4 Nxd4 12.Nxd4 exd4 13.Bxd4 c6 14.Ne4 Be7 15.
Nc5 Bc8 16.Rc1 Rb8 17.Qd3 Qe8 18.e4 Nc7 19.Qe3 b6 20.Nd3 c5 21.Bb2 Ne6 22.
Rfd1 Qf7 23.f4 Rd8 24.f5 Nd4 25.Nf4 Ba6 26.Bf1 Bxf1 27.Kxf1 g5 28.Nd5 Nc6 
29.h4 h6 30.hxg5 hxg5 31.Kg2 Nd4 32.Bxd4 Rxd5 33.exd5 cxd4 34.Qe6 Bc5 35.
b4 Bxb4 36.Rc7 Qxe6 37.dxe6 Bc5 38.Rh1 Bf8 39.Rd7 Rc8 40.e7 Rc2+ 41.Kf3 
Rc3+ 42.Kg4 1-0

[Event "Xtracon Chess Open 2018"]
[Site "Elsinore"]
[Date "2018.07.23"]
[Round "4"]
[White "Klings, Peter"]
[Black "Thogersen, Rasmus"]
[Result "0-1"]
[WhiteElo "2102"]
[BlackElo "2297"]
[EventDate "2018.07.21"]
[WhiteFideId "4631234"]
[BlackFideId "1431412"]

1.Nf3 c5 2.c4 Nf6 3.Nc3 d5 4.cxd5 Nxd5 5.e3 Nxc3 6.bxc3 g6 7.a4 Bg7 8.Ba3 
Qc7 9.Bb5+ Nd7 10.d4 O-O 11.O-O b6 12.a5 Rd8 13.Qe2 Bb7 14.Ba6 Bc6 15.e4 
e6 16.Bb2 bxa5 17.Ra2 Rab8 18.Rd1 Nf6 19.Nd2 a4 20.f3 Nh5 21.Nc4 Rd7 22.
Na3 Qa5 23.Bc4 cxd4 24.cxd4 Rxb2 25.Rxb2 Bxd4+ 26.Rxd4 Rxd4 27.g3 Qc5 28.
Rb8+ Rd8+ 0-1

[Event "Xtracon Chess Open 2018"]
[Site "Elsinore"]
[Date "2018.07.23"]
[Round "4"]
[White "Goff, Ronan Le"]
[Black "Kizatbay, Abyl"]
[Result "1/2-1/2"]
[WhiteElo "2295"]
[BlackElo "2088"]
[EventDate "2018.07.21"]
[WhiteFideId "612073"]
[BlackFideId "1521853"]

1.d4 Nf6 2.Nf3 g6 3.g3 Bg7 4.Bg2 O-O 5.O-O d5 6.c4 dxc4 7.Na3 c3 8.bxc3 c5
9.e3 Nc6 10.Qe2 Qa5 11.Nc4 Qa6 12.Rd1 Bf5 13.Bf1 Rfd8 14.Bb2 Rac8 15.Ne1 
Na5 16.Nxa5 Qxa5 17.Bg2 cxd4 18.cxd4 Qb6 19.Rdc1 Be4 20.f3 Bc6 21.Kh1 Bh6 
22.Rcb1 Nd5 23.f4 Qa6 24.Qxa6 bxa6 25.Rc1 Ba8 26.Rxc8 Rxc8 27.Rc1 Rb8 28.
Ba3 Nxe3 29.Bxa8 Rxa8 30.Bxe7 Nf5 31.Bc5 Bf8 32.Nf3 Rc8 33.Rb1 Bxc5 34.Rc1
Kf8 35.dxc5 Ke7 36.Re1+ Kf6 37.g4 Ng7 38.Ng5 Ne6 39.Ne4+ Kg7 40.f5 gxf5 
41.gxf5 Nd4 42.Rg1+ Kh6 43.f6 Ne6 44.Nd6 Rc7 45.Nf5+ Kh5 46.Ng7+ Kh6 47.
Nf5+ Kh5 48.Ng7+ Kh6 49.Nxe6 fxe6 50.Rg8 Rf7 51.c6 e5 52.Kg2 e4 53.h4 e3 
54.Re8 Kg6 55.Re7 Rxf6 56.c7 Rf2+ 57.Kg3 Rc2 58.Kf3 e2 59.Kf2 h5 60.Ke1 
Kf5 61.c8=Q+ Rxc8 62.Rxa7 Rc1+ 63.Kxe2 Rc2+ 64.Kf3 Rxa2 65.Rf7+ Kg6 66.Rc7
Ra3+ 67.Kf4 Ra4+ 68.Kg3 Ra5 69.Kf4 Rf5+ 70.Ke4 a5 71.Ra7 Rb5 72.Ra6+ Kf7 
73.Kf4 Rc5 74.Rh6 Rc4+ 75.Kg5 Rc5+ 76.Kf4 Rc4+ 77.Kg5 Rc5+ 1/2-1/2

[Event "Xtracon Chess Open 2018"]
[Site "Elsinore"]
[Date "2018.07.23"]
[Round "4"]
[White "Besq, Alexander Le"]
[Black "Debarshi, Mukherjee"]
[Result "0-1"]
[WhiteElo "2097"]
[BlackElo "2292"]
[EventDate "2018.07.21"]
[WhiteFideId "1437089"]
[BlackFideId "5007291"]

1.e4 c5 2.Nc3 Nc6 3.d3 g6 4.Be3 d6 5.d4 cxd4 6.Bxd4 e5 7.Be3 Nf6 8.Bg5 Be7
9.Bxf6 Bxf6 10.Bc4 O-O 11.Nge2 Kh8 12.Nd5 Bg5 13.f3 Be6 14.Nec3 Rc8 15.Bb3
Bh4+ 16.g3 Bg5 17.h4 Bh6 18.g4 Nd4 19.f4 Qa5 20.Rh3 Bxd5 21.Bxd5 Bxf4 22.
Qd3 b5 23.Bb3 b4 24.Nd5 Nxc2+ 25.Bxc2 b3+ 26.Nc3 bxc2 27.Qxc2 d5 28.exd5 
Qxd5 29.h5 Qc5 30.Kf1 Rcd8 31.Rd1 Qc4+ 32.Kg2 Bg5 33.hxg6 fxg6 34.Rxd8 
Qf1+ 35.Kg3 Bf4+ 36.Kh4 Qe1+ 0-1

[Event "Xtracon Chess Open 2018"]
[Site "Elsinore"]
[Date "2018.07.23"]
[Round "4"]
[White "Rewitz, Poul"]
[Black "Bebchuk, Leonid"]
[Result "1/2-1/2"]
[WhiteElo "2289"]
[BlackElo "2072"]
[EventDate "2018.07.21"]
[WhiteFideId "1401033"]
[BlackFideId "2803305"]

1.d4 Nf6 2.Bg5 d5 3.e3 e6 4.c4 Be7 5.Nc3 h6 6.Bh4 O-O 7.cxd5 Nxd5 8.Bxe7 
Qxe7 9.Bd3 Nd7 10.Nge2 N7f6 11.O-O Nb4 12.Bb1 c5 13.a3 cxd4 14.Nxd4 Nbd5 
15.Nxd5 Nxd5 16.e4 Nf4 17.g3 Nh3+ 18.Kg2 e5 19.Nf5 Bxf5 20.exf5 Ng5 21.Qb3
Rfd8 22.h4 Nh7 23.Re1 Nf6 24.Ba2 Rd7 25.Re2 Re8 26.Rc1 e4 27.Qe3 b6 28.Qf4
h5 29.Rce1 Rd3 30.Kg1 Qe5 31.Qxe5 Rxe5 32.Rc1 Rd7 33.Rc8+ Kh7 34.Rf8 Rxf5 
35.Rxf7 Rxf7 36.Bxf7 Re5 37.Kf1 Re7 38.Bb3 Kh6 39.Bc2 g5 40.hxg5+ Kxg5 41.
Re3 h4 42.gxh4+ Kf4 43.Bd1 Rh7 44.Rh3 Ng4 45.h5 Nf6 46.h6 Kg5 47.Rg3+ Kxh6
48.Ke2 Rd7 49.Bc2 Rc7 50.Kd2 Rd7+ 51.Ke3 Rc7 52.Bb3 Rc1 53.Bf7 Nd7 54.b4 
Re1+ 55.Kd2 Ra1 56.Be8 Ne5 57.a4 Rb1 58.Kc3 Nd3 59.f3 exf3 60.Rxf3 Nxb4 
61.Rf7 a5 62.Bb5 Rg1 63.Kd4 Rg6 64.Ke5 Kg5 65.Rf5+ Kh6 66.Rf1 Kg7 67.Be8 
Rh6 68.Rf7+ Kg8 69.Rb7 Kf8 70.Bb5 Rg6 71.Rb8+ Ke7 72.Re8+ Kf7 73.Rh8 Re6+ 
74.Kd4 Ke7 75.Rh7+ Kd8 76.Rh8+ Kc7 77.Rh7+ Kd8 78.Bc4 Rd6+ 79.Ke5 Rd7 80.
Rh6 Kc7 81.Bb5 Re7+ 82.Kd4 Kb7 83.Bf1 Rg7 84.Bb5 Rg4+ 85.Ke5 Rg7 86.Kd6 
Rc7 87.Rh8 Rg7 88.Be8 Rc7 89.Bb5 Rg7 90.Bd7 Rg6+ 91.Be6 Rg7 92.Bf5 Rf7 93.
Be4+ Ka6 94.Bg2 Na2 95.Bd5 Rg7 96.Ra8+ Ra7 97.Rxa7+ Kxa7 98.Bxa2 b5 99.
axb5 Kb6 100.Bc4 a4 101.Kd5 a3 102.Kd4 a2 103.Bxa2 Kxb5 1/2-1/2

[Event "Xtracon Chess Open 2018"]
[Site "Elsinore"]
[Date "2018.07.23"]
[Round "4"]
[White "Jorgensen, Brian"]
[Black "Jessen, Alexander"]
[Result "1/2-1/2"]
[WhiteElo "2281"]
[BlackElo "2071"]
[EventDate "2018.07.21"]
[WhiteFideId "1401599"]
[BlackFideId "1437917"]

1.d4 d5 2.Bf4 Nf6 3.e3 e6 4.Nf3 Bd6 5.Bg3 O-O 6.Nbd2 b6 7.c3 c5 8.Bd3 Ba6 
9.Bxa6 Nxa6 10.Ne5 Nc7 11.Qf3 Nce8 12.O-O Rc8 13.Qe2 c4 14.f4 b5 15.a3 a5 
16.Bh4 Be7 17.Bxf6 Nxf6 18.f5 Qc7 19.fxe6 fxe6 20.e4 b4 21.axb4 axb4 22.
Ra6 Bd6 23.Nef3 bxc3 24.bxc3 e5 25.exd5 Nxd5 26.Qxc4 Qxc4 27.Nxc4 Rxc4 28.
Rxd6 Nxc3 29.dxe5 Rcf4 30.Ra1 g5 31.h3 g4 32.hxg4 Rxg4 33.Kh2 Ne2 34.Ra2 
Nf4 35.Rd4 Rg6 36.Nh4 Rh6 37.g3 Ng6 38.Re2 Re8 39.Rd6 Rxe5 40.Rxe5 Nxe5 
1/2-1/2

[Event "Xtracon Chess Open 2018"]
[Site "Elsinore"]
[Date "2018.07.23"]
[Round "4"]
[White "Christiansen, Jens Jorgen"]
[Black "Baum, Bernd"]
[Result "1/2-1/2"]
[WhiteElo "2086"]
[BlackElo "2280"]
[EventDate "2018.07.21"]
[WhiteFideId "1401670"]
[BlackFideId "4611853"]

1.d4 Nf6 2.c4 e6 3.Nf3 d5 4.e3 Nbd7 5.Bd3 c6 6.b3 Ne4 7.O-O f5 8.Bb2 Bd6 
9.Ne5 O-O 10.f3 Ng5 11.f4 Ne4 12.Nd2 Ndf6 13.Ndf3 Bd7 14.Qc1 Qe7 15.c5 Bc7
16.Bc3 Kh8 17.Be1 Be8 18.Bh4 Rg8 19.Ng5 h6 20.Nxe4 dxe4 21.Be2 g5 22.Bg3 
Nd5 23.Bc4 gxf4 24.Bxf4 Nxf4 25.Rxf4 Bh5 26.Qb2 Rg5 27.d5 Rxg2+ 28.Kxg2 
Qg7+ 29.Ng6+ Bxg6 30.Qxg7+ Kxg7 31.d6 e5 32.dxc7 exf4 33.Be6 fxe3 34.c8=Q 
Rxc8 35.Bxc8 f4 36.Bg4 Kf6 37.h4 Bf7 38.Kf1 f3 39.Re1 e2+ 40.Kf2 Ke5 41.
Bxf3 exf3 42.Kxf3 Bh5+ 43.Ke3 Kd5 44.Rc1 Bg4 45.Kd2 Ke4 46.Rc3 Kf4 47.b4 
Bh5 48.a4 a6 49.Re3 Bg4 50.Re7 Kg3 51.Rxb7 Kxh4 52.Re7 Kg3 53.b5 cxb5 54.
axb5 axb5 55.Rxe2 h5 56.Re3+ Kg2 1/2-1/2

[Event "Xtracon Chess Open 2018"]
[Site "Elsinore"]
[Date "2018.07.23"]
[Round "4"]
[White "O`Gorman, Tom"]
[Black "Skjoldager, Mikael"]
[Result "0-1"]
[WhiteElo "2280"]
[BlackElo "2057"]
[EventDate "2018.07.21"]
[WhiteFideId "2508249"]
[BlackFideId "1434314"]

1.e4 e5 2.Nf3 Nc6 3.Bc4 Bc5 4.c3 Nf6 5.d3 a6 6.O-O Ba7 7.Nbd2 d6 8.Bb3 O-O
9.h3 h6 10.Re1 Qe7 11.Nf1 Be6 12.Ng3 Bxb3 13.axb3 Rad8 14.Nh4 Qe6 15.Qf3 
Kh7 16.Ngf5 Ng8 17.Ne3 Nce7 18.Nhf5 g6 19.Nxe7 Nxe7 20.Ra4 c6 21.Ng4 f5 
22.exf5 Nxf5 23.Qe2 h5 24.Ne3 Rd7 25.b4 Rdf7 26.Ra1 Nh4 27.Nd1 Rf3 28.Qf1 
Qd5 29.Re4 Rxd3 30.Bh6 Rf7 31.Rxh4 Rxd1 32.Rxd1 Bxf2+ 33.Kh2 Bxh4 34.Qe2 
Qe6 35.Be3 e4 36.Bd4 Bg5 37.Rf1 Rxf1 38.Qxf1 Qf5 39.Qe2 Qf4+ 40.Kg1 Qc1+ 
41.Kf2 Qd2 42.b3 Bh4+ 43.g3 Bxg3+ 44.Kf1 Qxe2+ 45.Kxe2 Bf4 46.c4 g5 47.Kf2
Kg6 48.Bb6 Kf5 49.Bc7 d5 50.Bb6 g4 51.hxg4+ Kxg4 52.Kg2 h4 53.Bd4 h3+ 54.
Kh1 Kf3 55.cxd5 cxd5 56.b5 axb5 57.b4 e3 58.Bc3 e2 59.Be1 d4 0-1

[Event "Xtracon Chess Open 2018"]
[Site "Elsinore"]
[Date "2018.07.23"]
[Round "4"]
[White "Buchenau, Frank"]
[Black "Stray, Gunnar"]
[Result "1-0"]
[WhiteElo "2275"]
[BlackElo "2048"]
[EventDate "2018.07.21"]
[WhiteFideId "4604350"]
[BlackFideId "1501631"]

1.e4 c5 2.Nf3 e6 3.b3 Nc6 4.Bb2 a6 5.c4 Qc7 6.g3 d6 7.d4 cxd4 8.Nxd4 Nf6 
9.Bg2 Be7 10.O-O h5 11.Nc3 h4 12.Nxc6 bxc6 13.Na4 e5 14.c5 Bg4 15.Bf3 Bxf3
16.Qxf3 d5 17.exd5 Nxd5 18.Qf5 f6 19.Qg6+ Kf8 20.Rae1 Rh6 21.Qe4 Kf7 22.
Bc1 g5 23.f4 gxf4 24.gxf4 Rg8+ 25.Kh1 exf4 26.Qe6+ Kf8 27.Rxf4 Rh7 28.Rg4 
Rxg4 29.Qxg4 Bd8 30.Bd2 Qd7 31.Bh6+ 1-0